Природные и природно-антропогенные факторы геоэкологических рисков при освоениии месторождений эльконского урановорудного района (Южная Якутия); Вестник Российской академии естественных наук (Западно-Сибирское отделение); № 19
| Parent link: | Вестник Российской академии естественных наук (Западно-Сибирское отделение)/ Сибирский государственный индустриальный университет (СибГИУ).— , 2008- № 19.— 2016.— [С. 58-62] |
|---|---|
| 第一著者: | |
| 団体著者: | |
| その他の著者: | |
| 要約: | Заглавие с экрана В данной статье рассматриваются понятия геоэкологического риска, риска здоровью человека, связанные с радиационными воздействиями, раскрываются проблемы и методология оценки экологического риска при освоении месторождений эльконского урановорудного района. This article deals with the notion of environmental risk and risk for the humanhealth. The problems and methodology of ecological risk assessment by the development of the elcon deposit are described. Режим доступа: по договору с организацией-держателем ресурса |
| 言語: | ロシア語 |
| 出版事項: |
2016
|
| シリーズ: | Геотехнология и геомеханика |
| 主題: | |
| オンライン・アクセス: | http://elibrary.ru/item.asp?id=28839632 |
| フォーマット: | MixedMaterials 電子媒体 図書の章 |
| KOHA link: | https://koha.lib.tpu.ru/cgi-bin/koha/opac-detail.pl?biblionumber=654388 |
MARC
| LEADER | 00000naa0a2200000 4500 | ||
|---|---|---|---|
| 001 | 654388 | ||
| 005 | 20250312103248.0 | ||
| 035 | |a (RuTPU)RU\TPU\network\19982 | ||
| 090 | |a 654388 | ||
| 100 | |a 20170426d2016 k||y0rusy50 ca | ||
| 101 | 0 | |a rus | |
| 102 | |a RU | ||
| 135 | |a drcn ---uucaa | ||
| 181 | 0 | |a i | |
| 182 | 0 | |a b | |
| 200 | 1 | |a Природные и природно-антропогенные факторы геоэкологических рисков при освоениии месторождений эльконского урановорудного района (Южная Якутия) |f И. В. Павлова, В. А. Домаренко | |
| 203 | |a Текст |c электронный | ||
| 225 | 1 | |a Геотехнология и геомеханика | |
| 300 | |a Заглавие с экрана | ||
| 320 | |a [Библиогр.: 5 назв.] | ||
| 330 | |a В данной статье рассматриваются понятия геоэкологического риска, риска здоровью человека, связанные с радиационными воздействиями, раскрываются проблемы и методология оценки экологического риска при освоении месторождений эльконского урановорудного района. | ||
| 330 | |a This article deals with the notion of environmental risk and risk for the humanhealth. The problems and methodology of ecological risk assessment by the development of the elcon deposit are described. | ||
| 333 | |a Режим доступа: по договору с организацией-держателем ресурса | ||
| 461 | |t Вестник Российской академии естественных наук (Западно-Сибирское отделение) |f Сибирский государственный индустриальный университет (СибГИУ) |d 2008- | ||
| 463 | |t № 19 |v [С. 58-62] |d 2016 | ||
| 610 | 1 | |a электронный ресурс | |
| 610 | 1 | |a труды учёных ТПУ | |
| 610 | 1 | |a геоэкологические риски | |
| 610 | 1 | |a урановорудные месторождения | |
| 610 | 1 | |a радиационные воздействия | |
| 610 | 1 | |a экология | |
| 700 | 1 | |a Павлова |b И. В. |g Ирина Владимировна | |
| 701 | 1 | |a Домаренко |b В. А. |c геолог |c доцент Томского политехнического университета, кандидат геолого-минералогических наук |f 1947- |g Виктор Алексеевич |3 (RuTPU)RU\TPU\pers\26058 | |
| 712 | 0 | 2 | |a Национальный исследовательский Томский политехнический университет (ТПУ) |b Институт природных ресурсов (ИПР) |b Кафедра геоэкологии и геохимии (ГЭГХ) |3 (RuTPU)RU\TPU\col\18658 |
| 801 | 2 | |a RU |b 63413507 |c 20170426 |g RCR | |
| 856 | 4 | |u http://elibrary.ru/item.asp?id=28839632 | |
| 942 | |c CF | ||